CSGO Legendary Players - Statistics

General Stats
  • This quiz has been taken 3,979 times
  • The average score is 11 of 15
Answer Stats
Hint Answer % Correct
Best player of 2018. Deserves to win a major but on the wrong team for it. S1mple
93%
Because of him the awp movement speed was nerfed. KennyS
88%
Bosnian. Played for mousesports now on a superteam. Niko
88%
They know me for my one taps. ScreaM
85%
A location on train is named after him, he has his own "map", controversial boost, tec9, etc. Olofmeister
83%
#1 Player for 2016 and 2017. 2 Time major champion. Known for a deadly combo with Taco. Coldzera
82%
Smoke Criminal. Historic run at Boston 2018. Stewie2k
81%
Top tier awper, known for choking now is winning 2 majors in a row. dev1ce
79%
87-0. Best player 2013 and 2014. Major winner. One of the best players in history. GeT_RiGhT
76%
You are not my friend, you are my brother, my friend. Pashabiceps
76%
VAC!!! Flusha
75%
Clutch Master. Xyp9x
70%
Oink oink. JW
59%
Made a mistake and was banned permanently. Young NA talent. Swag
58%
This player OWNS banana on inferno. Friberg
50%
No matching quizzes found
Score Distribution
Percent of People with Each Score
Percentile by Number Answered
Your Score History
You have not taken this quiz